000 00445nam a22001457a 4500
020 _a1855322099
082 _a355.3095405491
_bELI
_cL-30 P-182
100 _aKen Conboy,Paul Hannon.,
_937964
245 _aElite forces of India and Pakistan
_cKen Conboy,Paul Hannon.,
260 _aOsprey:
_bOsprey Publishing Ltd
_cc1992.
300 _a64p.:
_bill.:
_c24cm
526 _a0
_b0
_c0
_d355_309540549100000_ELI
650 _aMCE
_9379
942 _2ddc
_cBK
999 _c542687
_d542687